000 00776nam a2200253 a 4500
001 000011569
003 DO-SdBNP
005 20231017122505.0
007 000011569
008 091021s2001 xx 000 f spa d
020 _a09711071012
040 _aBPMSU
_bspa
_cBPMSU
082 4 _aRD863.44
_bG216u 2001
_222
100 1 _aGarcía, José Enrique,
_d1948-
245 1 4 _aUn pueblo llamado Pan y otros cuentos infantiles /
_cJosé Enriquez García
260 _aNew York :
_bEspanish language Texts,
_c2001.
300 _a61 p. ;
_c21 cm.
590 _aInventariado, 2023/VM
650 4 _aCuentos infantiles dominicanos
650 4 _aPerros
_vCuentos infantiles.
650 4 _aLiteratura infantil dominicana
910 _aVMateo Control de calidad BPMSU
942 _2ddc
_cBK
999 _c14480
_d14480